What a life : (Record no. 39303)
[ view plain ]
| 000 -LEADER | |
|---|---|
| fixed length control field | 00680nam a22002057a 4500 |
| 005 - DATE AND TIME OF LATEST TRANSACTION | |
| control field | 20100804162030.0 |
| 010 ## - LCCN (DPL NO) | |
| LC control number | ENG-98139 |
| 020 ## - INTERNATIONAL STANDARD BOOK NUMBER | |
| Terms of availability | 200.00 |
| 035 ## - SYSTEM CONTROL NUMBER | |
| System control number | EN-81672 |
| 037 ## - SOURCE OF ACQUISITION | |
| Source of stock number/acquisition | DBAD/PUB |
| 082 ## - DEWEY DECIMAL CLASSIFICATION NUMBER | |
| Classification number | 921 |
| 100 ## - MAIN ENTRY--PERSONAL NAME | |
| Personal name | Janakiram, Achanta |
| 245 ## - TITLE STATEMENT | |
| Title | What a life : |
| Remainder of title | autobiography / |
| Statement of responsibility, etc | by Achanta Janakiram; translated by C. Vijayasree |
| 260 ## - PUBLICATION, DISTRIBUTION, ETC. (IMPRINT) | |
| Place of publication, distribution, etc | Kuppam |
| Name of publisher, distributor, etc | Dravidian University |
| Date of publication, distribution, etc | 2009 |
| 270 ## - ADDRESS | |
| Address | Srinivasavanam |
| City | Kuppam |
| Postal code | 517425 |
| 300 ## - PHYSICAL DESCRIPTION | |
| Extent | ix, 207p. |
| Dimensions | 21cm (pbk) |
| 700 ## - ADDED ENTRY--PERSONAL NAME | |
| Personal name | VIjayasree, C. |
| 9 (RLIN) | 6320 |
| 942 ## - ADDED ENTRY ELEMENTS (KOHA) | |
| Source of classification or shelving scheme | Dewey Decimal Classification |
| Item type | English Books |
| Classification part | 921 |
| Call number suffix | JAN |
| Withdrawn status | Lost status | Not for loan | Collection code | Home library | Current library | Date acquired | Source of acquisition | Cost, normal purchase price | Full call number | Barcode | Copy number | Cost, replacement price | Koha item type |
|---|---|---|---|---|---|---|---|---|---|---|---|---|---|
| Not For Loan | Non-fiction | D.B.Act.Division | D.B.Act.Division | 04/08/2010 | DBAD/PUB | 200.00 | 921 JAN | EN-81672 | 1 | 200.00 | English Books |
